000 005250000a22001330004500
100 1 _aJones, Peter
245 1 0 _aEspiritualidad esotérica
300 _aVol.9, núm.2 (2007), Páginas 76-79
500 _aTraducido con permiso para Reforma Siglo 21 del sitio ww.cwipp.org, por Donald H. Terán
520 _a¿Dinero?, ¿Un sentido de destino (manifiesto)?, ¿Un cambio sumamente grande de espiritualidad?, ¿Es asunto de escoger una cosmovisión?
650 1 4 _aESPIRITUALIDAD
773 0 _tReforma Siglo 21
942 _cANA
999 _c62663
_d62663